| 000 | 01477nam a2200409 i 4500 | ||
|---|---|---|---|
| 001 | 196310 | ||
| 003 | ES-MaACL | ||
| 005 | 20250814045122.0 | ||
| 007 | ta | ||
| 008 | 2409 s2012 sp a | |||| 001 0dspa | ||
| 017 |
_aB 27445-2012 _bOficina Depósito Legal Barcelona |
||
| 020 | _a9788447376315 | ||
| 035 | _a(OCoLC)828338892 | ||
| 035 | _a(SpMaBN)a5292979 | ||
| 035 | _a991038658729708606 | ||
| 040 |
_aSpMaBN _bspa _cSpMaBN _erdc _dES-MaACL |
||
| 080 | _a53 Schrödinger, Erwin | ||
| 080 | _a530.145 | ||
| 100 |
_aBlanco Laserna, David, _d1973- _9238659 |
||
| 245 | 1 | 0 |
_aSchrödinger, las paradojas cuánticas : _bel universo está en la onda / _c[David Blanco Laserna, texto]. |
| 260 |
_a[Barcelona] : _bRBA, _cD.L. 2012. |
||
| 300 |
_a167 p. : _bil., gráf. ; _c24 cm |
||
| 337 |
_asin mediación _2isbdmedia |
||
| 338 |
_2rdacarrier _avolumen |
||
| 490 | 1 |
_aGrandes ideas de la ciencia _9238658 |
|
| 504 | _aBibliografía: p. 163. Índice | ||
| 600 | 0 |
_aSchrodinger, Erwin _2embne _9187630 |
|
| 650 | 7 |
_aMecánica cuántica _2embne _914872 |
|
| 830 |
_9238658 _aGrandes ideas de la ciencia |
||
| 852 |
_aES-MaACL _cDEPO1 _hDonación: José Mnuel Duarte Cendán _9204028 _jA-15369 |
||
| 903 |
_9238529 _aDuarte Cendán, José Manuel _q1 _ednr |
||
| 942 |
_2udc _cMONOGRAFIA _n0 |
||
| 956 | _a2 | ||
| 999 |
_c196310 _d196310 |
||